| 000 | 00665nam a2200217 u 4500 | ||
|---|---|---|---|
| 005 | 20220621180630.0 | ||
| 008 | 130613s2005 r 000 0 eng d | ||
| 020 | _a9681913043 | ||
| 035 | _aUPN01000191563 | ||
| 049 | _aCG | ||
| 050 | 4 |
_aPQ7207 B4.4 _bP5.7 |
|
| 245 | 0 | 0 |
_aPisa y corre : _bbeisbol por escrito / _cselecc. Vicente Leñero. |
| 260 |
_aMéxico : _bAlfaguara, _c2005. |
||
| 300 | _a172 p. | ||
| 650 | 4 |
_aBEISBOL EN LA LITERATURA _922224 |
|
| 650 | 0 |
_aLiteratura mexicana (Selecciones, extractos, etc.) _920984 |
|
| 650 | 4 |
_aDEPORTES EN LA LITERATURA _917471 |
|
| 700 | 1 |
_aLeñero, Vicente, _d1933- _ecomp. |
|
| 905 | _aLibro | ||
| 999 |
_c163666 _d163666 |
||